| 000 | 00804cam a2200229 a 4500 | ||
|---|---|---|---|
| 001 | 000018193 | ||
| 005 | 20200929165409.0 | ||
| 008 | 920602s2001 mx a 000 j spa d | ||
| 020 | _a9702402441 | ||
| 040 |
_aDO-SdBNP _bspa _cDLC _dBNPHU |
||
| 082 |
_aMe863.44 _bB726v |
||
| 100 | 1 |
_aBorbolla, Oscar de la, _d1956- _939402 |
|
| 245 | 1 | 4 |
_aLas vocales malditas / _cÓscar de la Borbolla ; ilustraciones José Luis Cuevas. |
| 260 |
_aMexico : _bGrupo Patria Cultural, _bNueva Imagen, _c2001. |
||
| 300 |
_a50 p. : _bil. ; _c22 cm. |
||
| 490 | 1 |
_aBibliotecas Óscar de la Borbolla _aGrandes Autores |
|
| 650 | 4 |
_aCuentos mexicanos _911371 |
|
| 650 | 4 |
_aLiteratura mexicana _91922 |
|
| 830 | 0 |
_aBibliotecas Óscar de la Borbolla _pGrandes Autores _939403 |
|
| 910 | _aCatalogación derivada | ||
| 049 | _aBNGR | ||
| 999 |
_c17714 _d17714 |
||